| 000 | 00947pam a2200265 a 4500 | ||
|---|---|---|---|
| 001 | 2049363 | ||
| 003 | OSt | ||
| 005 | 20240716150300.0 | ||
| 008 | 930426s1993 nyua b 001 0 eng | ||
| 010 | _a 93004489 | ||
| 020 | _a0412042312 | ||
| 040 |
_aDLC _cDLC _dDLC |
||
| 050 | 0 | 0 |
_aQA276.8 _b.E37 1994 |
| 100 | 1 | _aEfron, Bradley. | |
| 245 | 1 | 3 |
_aAn introduction to the bootstrap / _cBradley Efron and Robert J. Tibshirani. |
| 260 |
_aNew York : _bChapman & Hall, _c1994 |
||
| 300 | _axvi, 436 p. : | ||
| 440 | 0 |
_aMonographs on statistics and applied probability ; _v57 |
|
| 650 | 0 | _aBootstrap (Statistics) | |
| 700 | 1 | _aTibshirani, Robert. | |
| 856 | 4 | 2 |
_3Publisher description _uhttp://www.loc.gov/catdir/enhancements/fy0730/93004489-d.html |
| 906 |
_a7 _bcbc _corignew _d1 _eocip _f19 _gy-gencatlg |
||
| 942 |
_2lcc _cBK |
||
| 999 |
_c20478 _d20477 |
||